Т. 117, кн. 3 : Исследование скважины и разработка превентивных методов борьбы с парафином; Ученые записки Казанского университета

Bibliographic Details
Parent link:Ученые записки Казанского университета: [сборник научных трудов]/ Казанский государственный университет (КГУ). Т. 117, кн. 3 : Исследование скважины и разработка превентивных методов борьбы с парафином.— , 1909-
Main Author: Непримеров Н. Н.
Other Authors: Шарагин А. Г.
Language:Russian
Published: 1957
Subjects:
Format: Book
KOHA link:https://koha.lib.tpu.ru/cgi-bin/koha/opac-detail.pl?biblionumber=107867

MARC

LEADER 00000nam2a2200000 4500
001 107867
005 20231101214749.0
035 |a (RuTPU)RU\TPU\book\116457 
035 |a RU\TPU\book\82419 
090 |a 107867 
100 |a 20070109d1957 k y0rusy50 ca 
101 0 |a rus 
102 |a RU 
105 |a a z 001zy 
200 0 |a Т. 117, кн. 3 : Исследование скважины и разработка превентивных методов борьбы с парафином  |f Н. Н. Непримеров, А. Г. Шарагин 
210 |d 1957 
215 |a 110 с.  |c ил. 
320 |a Библиогр.: с. 108-109 
461 1 |0 (RuTPU)RU\TPU\book\283219  |t Ученые записки Казанского университета  |o [сборник научных трудов]  |f Казанский государственный университет (КГУ)  |v Т. 117, кн. 3 : Исследование скважины и разработка превентивных методов борьбы с парафином  |d 1909-  
606 1 |a Нефтяные скважины  |x Депарафинизация  |x Автоматизация  |x Механизация  |2 stltpush  |3 (RuTPU)RU\TPU\subj\46117  |9 65302 
610 1 |a исследования 
610 1 |a дистанционные приборы 
610 1 |a температурные измерения 
610 1 |a электрические процессы 
610 1 |a методы 
610 1 |a парафины 
675 |a 622.276.72  |v 3 
700 1 |a Непримеров  |b Н. Н. 
701 1 |a Шарагин  |b А. Г. 
801 1 |a RU  |b 63413507  |c 20050505  |g PSBO 
801 2 |a RU  |b 63413507  |c 20180123  |g PSBO 
942 |c BK